| 000 | 00890nam a22002537a 4500 | ||
|---|---|---|---|
| 999 |
_c14375 _d14375 |
||
| 003 | MIRAKIL | ||
| 005 | 20210415124313.0 | ||
| 008 | 210415b tu ||||| |||| 00| 0 tur d | ||
| 020 | _a9786053603689 | ||
| 040 |
_aTR-AnCHP _btur _cTR-AnCHP |
||
| 082 |
_aCHP 923.2 İsvan, A. _bİ78b 2011 |
||
| 100 | _aİsvan, Ahmet | ||
| 245 |
_aBaşkent gölgesinde İstanbul/ _cAhmet İsvan. |
||
| 260 |
_aİstanbul: _bTürkiye İş Bankası Yayınları, _c2011. |
||
| 300 |
_a527 s. _bres. _c20 sm. |
||
| 490 |
_aTürkiye İş Bankası Yayınları: _aGenel Yayın: _v2336. |
||
| 504 | _aDizin vardır. | ||
| 600 |
_aİsvan, Ahmet _cİstanbul Belediye Başkanı _d1923- _xAnılar |
||
| 610 |
_aCHP _xYerel yönetimler _zİstanbul |
||
| 650 |
_aBelediye başkanları _xAnılar _zİstanbul |
||
| 650 |
_a12 Eylül 1980 _xAnılar _zİstanbul |
||
| 651 |
_aİstanbul _xSiyaset ve yönetim |
||
| 942 |
_2ddc _cBKS |
||